Chránené vtáčie územie Veľká Fatra a Nízke Tatry

Bibliographic Details
Main Author: Dobošovič, Ján (Author)
Corporate Authors: Augustini, Peter (Bratislava, Slovensko) (Editor), Kollár, Daniel (Bratislava, Slovensko) (Editor)
Format: Article
Language:Slovak
PhysicalDescription:zv. Foto 4 24 cm
ISSN:0323-0643
Subjects:

MARC

LEADER 00000nab a2200000Ia 4500
001 vtls010570718
003 SK-MaSNL
005 20260426102319.0
008 140625|2006 xo r|p | 000 ||slo
015 |a LMSMOPAJ  |2 lmsmopaj 
038 |a LMSMOPAJ 
040 |a LMSMOPAJ  |b slo  |c LMSMOPAJ  |e AACR2 
041 1 |a slo 
044 |a xo  |c SK 
080 |a 502 (437.6)  |2 2001 
080 |a 598.2  |2 2001 
080 |a 591.9  |2 2011 
100 1 |a Dobošovič, Ján  |4 aut  |9 1587447 
245 1 0 |a Chránené vtáčie územie  |b Veľká Fatra a Nízke Tatry 
300 |a zv.  |b Foto 4  |c 24 cm 
650 0 7 |a ochrana prírody  |2 lmsmopaj  |9 3778 
650 0 7 |a vtáky  |2 SNKPH  |9 2762 
650 0 7 |a fauna  |2 SNKPH  |9 3748 
655 7 |a články z novín a časopisov  |2 lmsmopaj  |9 267496 
655 7 |a turistické časopisy  |2 lmsmopaj  |9 272437 
710 2 0 |a Augustini, Peter (Bratislava, Slovensko)  |4 edt  |9 1093576 
710 2 0 |a Kollár, Daniel (Bratislava, Slovensko)  |4 edt  |9 1093577 
773 0 8 |t Krásy Slovenska  |d Bratislava : Dajama, 2006  |g Roc. 83, č. 11-12 (2006), s. 32-33  |x 0323-0643 
852 |a LMSMOPAJ 
999 |c 3253313  |d 3255243